[Event "AUTO-OPEN-4592"]
[Site "http://www.queenalice.com/game.php?id=1856773"]
[Date "2025.5.6"]
[Round "1"]
[White "LMP1989"]
[Black "WoodpusherKid"]
[Result "0-1"]
[WhiteElo "2145"]
[BlackElo "2240"]

1. e4 e5 2. Nf3 Nc6 3. Bb5 Nf6 4. Bxc6 dxc6 5. d3 Bd6 6. h3 Be6 7. O-O Qe7 8.
Nc3 O-O-O 9. Ng5 Bd7 10. f4 exf4 11. Bxf4 Bxf4 12. Rxf4 Qc5+ 0-1

[Event "AUTO-OPEN-4592"]
[Site "http://www.queenalice.com/game.php?id=1856774"]
[Date "2025.5.6"]
[Round "1"]
[White "WoodpusherKid"]
[Black "LMP1989"]
[Result "1-0"]
[WhiteElo "2240"]
[BlackElo "2136"]

1. d4 d5 2. c4 c6 3. Nc3 e6 4. e4 dxe4 5. Nxe4 Nf6 6. Nxf6+ Qxf6 7. Nf3 Bb4+ 8.
Bd2 Bxd2+ 9. Qxd2 O-O 10. Bd3 Nd7 11. Ng5 g6 12. Bc2 e5 13. O-O-O exd4 14. Ne4
Qg7 15. Qxd4 Nb6 16. Nf6+ Kh8 17. g4 Be6 18. h4 Bxc4 19. h5 Nd5 20. g5 1-0

[Event "AUTO-OPEN-4592"]
[Site "http://www.queenalice.com/game.php?id=1856776"]
[Date "2025.5.6"]
[Round "1"]
[White "Danado"]
[Black "LMP1989"]
[Result "0-1"]
[WhiteElo "1726"]
[BlackElo "2129"]

1. e4 c5 2. Bc4 e6 3. Nf3 Nc6 4. a3 Nf6 5. e5 Ng4 6. h3 Ngxe5 7. Nxe5 Nxe5 8. d3
Nxc4 9. dxc4 Be7 10. Nc3 O-O 11. Bf4 a6 12. Qg4 f5 13. Qg3 Bf6 14. Bd6 Be7 15.
Be5 Rf7 16. O-O Bf6 17. Bd6 Bd4 18. Be5 Bxe5 19. Qxe5 d6 20. Qe2 e5 21. Nd5 Be6
22. Rad1 Bxd5 23. cxd5 Qf6 24. f3 Raf8 25. c4 Qg6 26. Rf2 f4 27. b3 b6 28. b4
Rf5 29. g4 fxg3 30. Rff1 Qh5 31. Kg2 Qh4 32. Qe4 Rf4 33. Qe1 Rxc4 0-1

[Event "AUTO-OPEN-4602"]
[Site "http://www.queenalice.com/game.php?id=1859661"]
[Date "2025.7.8"]
[Round "1"]
[White "LMP1989"]
[Black "juim"]
[Result "1-0"]
[WhiteElo "2134"]
[BlackElo "1643"]

1. e4 d5 2. exd5 Qxd5 3. Nc3 Qd8 4. d4 e6 5. Nf3 Bb4 6. Bd3 Ne7 7. O-O Nec6 8.
a3 Bxc3 9. bxc3 O-O 10. Bg5 f6 11. Bh4 b6 12. Qe2 a5 13. Rfe1 Qd6 14. Bg3 Qd7
15. Rad1 Ba6 16. c4 Qe7 17. d5 Ne5 18. Nxe5 fxe5 19. dxe6 Qxe6 20. Qe4 g6 21.
Qxa8 Bxc4 22. Bxc4 Qxc4 23. Qe4 Qf7 24. Qxe5 Nc6 25. Qxc7 1-0

[Event "AUTO-OPEN-4602"]
[Site "http://www.queenalice.com/game.php?id=1859662"]
[Date "2025.7.8"]
[Round "1"]
[White "juim"]
[Black "LMP1989"]
[Result "0-1"]
[WhiteElo "1641"]
[BlackElo "2135"]

1. e4 c5 2. d4 cxd4 3. Qxd4 Nc6 4. c3 Nxd4 5. cxd4 e6 6. Bd3 Bb4+ 7. Bd2 Bxd2+
8. Nxd2 Nf6 9. e5 Nd5 10. Ngf3 O-O 11. O-O d6 12. exd6 Qxd6 13. Ne5 Nf4 14. Bc2
Qxd4 15. Nd3 Nxd3 16. Rab1 Nb4 17. Nb3 Qf6 18. Be4 Nd5 19. Nc5 b6 20. Nd3 Ba6
21. Rfc1 Bxd3 22. Bxd3 Nf4 23. Be4 Ne2+ 24. Kf1 Nxc1 0-1

[Event "AUTO-OPEN-4607"]
[Site "http://www.queenalice.com/game.php?id=1861073"]
[Date "2025.8.4"]
[Round "1"]
[White "LMP1989"]
[Black "Zero007"]
[Result "1-0"]
[WhiteElo "2146"]
[BlackElo "2034"]

1. e4 c6 2. d4 d5 3. f3 e6 4. Nc3 Bb4 5. e5 h6 6. Ne2 Ne7 7. a3 Ba5 8. Be3 Bc7
9. f4 b6 10. b4 a5 11. b5 Bb7 12. a4 Nd7 13. bxc6 Bxc6 14. g3 h5 15. h4 Nf5 16.
Bd2 f6 17. Bh3 g6 18. Bxf5 gxf5 19. Kf2 Qe7 20. Rg1 O-O-O 21. Rb1 Rdg8 22. Rg2
Rg7 23. Qh1 Rhg8 24. Rbg1 fxe5 25. dxe5 d4 26. Nxd4 Bxg2 27. Qxg2 Qc5 28. Nb5
1-0

[Event "AUTO-OPEN-4607"]
[Site "http://www.queenalice.com/game.php?id=1861074"]
[Date "2025.8.4"]
[Round "1"]
[White "Zero007"]
[Black "LMP1989"]
[Result "0-1"]
[WhiteElo "2057"]
[BlackElo "2136"]

1. e4 c5 2. Nf3 Nc6 3. d4 cxd4 4. Nxd4 g6 5. Nc3 Bg7 6. Be3 Nf6 7. Be2 O-O 8.
O-O d5 9. exd5 Nxd5 10. Nxd5 Qxd5 11. c3 Nxd4 12. Bxd4 e5 13. Be3 Be6 14. Qxd5
Bxd5 15. Rfd1 Bc6 16. Rd2 f5 17. f4 exf4 18. Bxf4 Rfe8 19. Rad1 Re4 20. Rf1 Rae8
21. Rf2 Bf6 22. Bh6 Bd8 23. Bf3 Re1+ 24. Rf1 Bb6+ 0-1

[Event "AUTO-OPEN-4607"]
[Site "http://www.queenalice.com/game.php?id=1861075"]
[Date "2025.8.4"]
[Round "1"]
[White "LMP1989"]
[Black "Rafale2000"]
[Result "1/2-1/2"]
[WhiteElo "2171"]
[BlackElo "1995"]

1. e4 Nf6 2. e5 Nd5 3. Nf3 d6 4. d4 Bg4 5. c4 Nb6 6. Be2 dxe5 7. h3 Bxf3 8. Bxf3
Nc6 9. c5 Nd5 10. dxe5 e6 11. Bxd5 Qxd5 12. O-O Qxe5 13. Re1 Qxc5 14. Be3 Qb5
15. Qc2 Bd6 16. Nc3 Qh5 17. Qb3 O-O-O 18. Nb5 Qe5 19. f4 Qd5 20. Qa4 a6 21.
Nxd6+ Qxd6 22. Rad1 Qb4 23. Qc2 Rxd1 24. Rxd1 Rd8 25. Rxd8+ Nxd8 26. Bd2 Qd6 27.
g3 Qd4+ 28. Kg2 g6 29. Bc3 Qd5+ 30. Kh2 Nc6 31. a3 Nd4 32. Bxd4 Qxd4 33. Qe2 Kd7
34. h4 h5 35. Qc2 c5 36. Qg2 Qd5 37. Qc2 b5 38. Qe2 c4 39. Qf2 Kc7 40. Qa7+ Qb7
41. Qc5+ Qc6 42. Qa7+ Qb7 43. Qc5+ Qc6 44. Qa7+ Qb7 1/2-1/2

[Event "AUTO-OPEN-4607"]
[Site "http://www.queenalice.com/game.php?id=1861076"]
[Date "2025.8.4"]
[Round "1"]
[White "Rafale2000"]
[Black "LMP1989"]
[Result "0-1"]
[WhiteElo "1937"]
[BlackElo "2166"]

1. e4 c5 2. c3 d5 3. exd5 Qxd5 4. Bb5+ Bd7 5. Bxd7+ Nxd7 6. Qf3 Qxf3 7. Nxf3 e5
8. d4 cxd4 9. cxd4 exd4 10. Nxd4 O-O-O 11. O-O Ngf6 12. Bg5 h6 13. Bf4 Nc5 14.
Nb5 b6 15. Nxa7+ Kb7 16. Nb5 Ne6 17. N1c3 Nxf4 18. Rad1 Bc5 19. a3 Rhe8 20. Rfe1
Rxd1 21. Rxd1 Ne2+ 22. Nxe2 Rxe2 23. b4 Bxf2+ 24. Kf1 Rc2 25. Nd6+ Kc6 26. Nxf7
b5 27. Nd8+ Kb6 28. Ne6 Be3 29. Nxg7 Rf2+ 30. Ke1 Ne4 31. Rd3 Bd2+ 32. Kd1 Rxg2
33. Ne6 Rxh2 34. Nc5 Nxc5 35. Rd6+ Kc7 36. bxc5 Be3 37. Rb6 Bxc5 38. Rxb5 Bxa3
39. Ra5 Bd6 40. Rb5 h5 41. Ke1 h4 42. Kf1 Bg3 43. Rh5 Rd2 44. Rh6 Kd7 45. Kg1
Ke7 46. Kf1 Kf7 47. Kg1 Kg7 48. Rh5 Kg6 49. Rh8 Kg5 50. Rh7 Kg4 51. Kf1 Bf4 52.
Rg7+ Kf3 53. Ke1 Rg2 0-1